LEADER 00931nam a2200205 i 4500 001 000000027355 003 CaOOAMICUS 005 20250918145722.0 008 180830s18811882it u000 u lat u 040 $aSeMil$bita 245 10$aCompendium theologiae dogmaticae. 260 $aAugustae Taurinorum :$bEx officina Unionis Typographicae,$c1881-1882. 300 $a3 v. ;$c27 cm. 650 4$aTeologia dogmatica - Opere anteriori al 1900.$0(OLS)http://semarc/subject/320 774 0 $t1: [Theologia generalis seu logica theologica ; De Deo uno et trino ; De Deo creatore].$g1$w()48408 774 0 $t2: De Deo redemptore ; De gratia Christi.$g2$w()216416 774 0 $t3: De Sacramentis in genere et in specie.$g3$w()216417 996 $6245$aCompendium theologiae dogmaticae$9(OLS)http://semarc/title/18396 996 $6260$aAugustae Taurinorum :$bEx officina Unionis Typographicae$9(OLS)http://semarc/publisher/37222 LEADER 00970nas a2200241 i 4500 001 000000202312 003 CaOOAMICUS 005 20120228000000.0 008 110513b2011 it uu u0 0ita r 013 $a181020 040 $aSeMil$bita 245 10$a[2011 :$bn° 91-94]. 260 $a[S.l. :$bs.n.],$c2011$e(Torre dei Nolfi (AQ) :$fEd. Qualevita ,$g2011) 300 $a63, 79, 70 p. :$bill., grafici, tabelle ;$c24 cm. 773 0 $tPretioperai.$dSesto S. Giovanni : [s.n.], 1987.$w()2630 774 0 $tIn cammino... verso il futuro. - 63 p..$w()275360 774 0 $tCrisi infinita. - 79 p. - Titolo dalla copertina.$w()276218 774 0 $tTsunami o Shalom?. - 70 p..$w()276690 850 $aSeMil 852 $aSeMil$W1$xVenegono$y1$m115 6 25$j152835$B152835$CSeMilBibl$Z2$F173120 $85 961 $aCambio: Scuola Cattolica 996 $6245$a[2011 :$bn° 91-94]$9(OLS)http://semarc/title/292868 996 $6260$a[S.l. :$bs.n.]$9(OLS)http://semarc/publisher/29751